[Event "29th Czech Open B 2018"]
[Site "Pardubice CZE"]
[Date "2018.07.25"]
[Round "6.15"]
[White "Zhukenov, Aituar"]
[Black "Koehn, Lennart"]
[Result "0-1"]
[WhiteElo "1886"]
[BlackElo "2087"]
[WhiteFideId "13719513"]
[BlackFideId "12938041"]
[EventDate "2018.07.20"]

1. e4 c5 2. Nf3 e6 3. d4 cxd4 4. Nxd4 a6 5. Nc3 Qc7 6. Bd3 b5 7. O-O Bb7 8. f4
Bc5 9. Be3 Qb6 10. Nce2 Nf6 11. Kh1 Nxe4 12. c3 Qc7 13. Bxe4 Bxe4 14. Ng3 Bg6
15. Qf3 Ra7 16. f5 exf5 17. Bf4 Qb7 18. Rae1+ Kd8 19. Nb3 Bb6 20. Qe2 Nc6 21.
Bd6 f4 22. Rxf4 Bc7 23. Bxc7+ Qxc7 24. Rf2 d6 25. c4 bxc4 26. Qxc4 Ne5 27. Qh4+
f6 28. Rd2 Ke7 29. Nd4 Rd8 30. Ngf5+ Kf7 31. Nxg7 Qa5 32. Rf1 Kxg7 33. Qxf6+ Kg8
34. Rdf2 Rf7 35. Qe6 Qa4 36. Nf3 Qc4 37. Qh3 Nxf3 38. gxf3 Qxa2 39. Qh4 Rdf8 40.
Qd4 Qe6 41. b4 Qe5 42. Qc4 Qb5 43. Qc3 Qd3 44. Qc6 Rxf3 45. Rxf3 Be4 0-1

[Event "29th Czech Open B 2018"]
[Site "Pardubice CZE"]
[Date "2018.07.25"]
[Round "6.16"]
[White "Kourek, Josef"]
[Black "Wiesner, Paula"]
[Result "1-0"]
[WhiteElo "2080"]
[BlackElo "1974"]
[WhiteFideId "304107"]
[BlackFideId "24654019"]
[EventDate "2018.07.20"]

1. c4 e6 2. Nc3 d5 3. d4 Nf6 4. Nf3 Be7 5. Bf4 O-O 6. e3 c5 7. Be2 cxd4 8. exd4
dxc4 9. O-O Nd5 10. Bg3 Nxc3 11. bxc3 b5 12. a4 Bd7 13. Ne5 a6 14. Bf3 Ra7 15.
Qe2 Bf6 16. Rfb1 Bxe5 17. Qxe5 Qb6 18. a5 Qd8 19. Qc5 Nc6 20. Bxc6 Bxc6 21. Qxa7 1-0

[Event "29th Czech Open B 2018"]
[Site "Pardubice CZE"]
[Date "2018.07.25"]
[Round "6.17"]
[White "Loecken, Siegfried"]
[Black "Usacheva, Glafira"]
[Result "0-1"]
[WhiteElo "2076"]
[BlackElo "1904"]
[WhiteFideId "24648159"]
[BlackFideId "34119741"]
[EventDate "2018.07.20"]

1. e4 c5 2. Nc3 Nc6 3. g3 Rb8 4. Bg2 b5 5. d3 g6 6. Be3 b4 7. Nce2 Bg7 8. Qc1 d6
9. h4 Nf6 10. Bh6 O-O 11. h5 Ne5 12. Nf3 Neg4 13. Bxg7 Kxg7 14. Nh2 e5 15. Nf1
Ng8 16. f3 N4f6 17. g4 Be6 18. Qd2 a5 19. Ne3 a4 20. Ng3 h6 21. hxg6 fxg6 22. g5
hxg5 23. Bh3 Bxh3 24. Rxh3 Nh6 25. Nc4 Nf7 26. O-O-O Qd7 27. Rh2 b3 28. cxb3
axb3 29. a3 Rh8 30. Rg2 Rh3 31. Rdg1 Rbh8 32. Qd1 Qb5 33. Ne2 Rh2 34. Nc3 Qb8
35. Nd2 Rxg2 36. Rxg2 Rh3 37. Nxb3 Qh8 38. Nd2 g4 39. fxg4 Rxd3 40. g5 Nh5 41.
Nd5 Nf4 42. Nxf4 exf4 43. Rf2 Qh4 44. Qf1 Ne5 45. Rxf4 Qxg5 46. Kc2 Rg3 47. Rf2
Qe3 48. a4 Nd3 49. Rf7+ Kh6 50. Qh1+ Rh3 51. Qf1 Nb4+ 52. Kc1 Rh2 53. Qf4+ Qxf4
54. Rxf4 Nd3+ 0-1

[Event "29th Czech Open B 2018"]
[Site "Pardubice CZE"]
[Date "2018.07.25"]
[Round "6.19"]
[White "Wiesner, Alexander"]
[Black "Cach, Jakub"]
[Result "1/2-1/2"]
[WhiteElo "1918"]
[BlackElo "2044"]
[WhiteFideId "12943991"]
[BlackFideId "332933"]
[EventDate "2018.07.20"]

1. d4 d5 2. c4 e6 3. Nc3 Nf6 4. cxd5 exd5 5. Bg5 c6 6. Qc2 Be7 7. e3 O-O 8. Bd3
h6 9. Bf4 Nbd7 10. Nf3 Nh5 11. O-O-O b5 12. g4 Nxf4 13. exf4 b4 14. Ne2 c5 15.
g5 c4 16. Bh7+ Kh8 17. gxh6 gxh6 18. Qb1 Nf6 19. Bf5 Bxf5 20. Qxf5 c3 21. Qh3
cxb2+ 22. Kxb2 Ng8 23. Rhg1 Qd6 24. Qg4 Bf6 25. Ne5 Ne7 26. Qh5 Bxe5 27. dxe5
Qa6 28. Nd4 f5 29. Rc1 Rac8 30. Qh3 Rc4 31. Rxc4 dxc4 32. e6 Rf6 33. Qh4 Qa3+
34. Kb1 Qd3+ 35. Nc2 Rxe6 36. Qh5 Rg6 37. Rxg6 Qf1+ 38. Kb2 c3+ 39. Kb3 Qb1+ 40.
Kc4 Qxa2+ 41. Kd3 Qd5+ 42. Ke2 Qd2+ 43. Kf1 Qd3+ 44. Kg1 Nxg6 45. Qxh6+ Kg8 46.
Qxg6+ Kf8 1/2-1/2

[Event "29th Czech Open B 2018"]
[Site "Pardubice CZE"]
[Date "2018.07.25"]
[Round "6.20"]
[White "Ali Rashid, Ali"]
[Black "Bachstein, Dustin"]
[Result "0-1"]
[WhiteElo "1784"]
[BlackElo "2037"]
[WhiteFideId "9304762"]
[BlackFideId "4688198"]
[EventDate "2018.07.20"]

1. d4 Nf6 2. Nf3 d5 3. g3 c5 4. Bg2 cxd4 5. O-O Bd7 6. Nxd4 e5 7. Nb3 Be6 8. Bg5
Nbd7 9. e4 dxe4 10. Bxe4 Qc7 11. Bg2 Be7 12. Nc3 a6 13. Qf3 Rb8 14. Rad1 h6 15.
Bxf6 Nxf6 16. Qe3 O-O 17. Rfe1 Bd6 18. Nd2 Bc5 19. Qe2 Rbd8 20. h3 Rfe8 21. Nde4
Nxe4 22. Qxe4 Bd4 23. Rd2 Bxc3 24. bxc3 Rxd2 0-1

[Event "29th Czech Open B 2018"]
[Site "Pardubice CZE"]
[Date "2018.07.25"]
[Round "6.21"]
[White "Hiemer, Bernd"]
[Black "Novotny, Martin"]
[Result "1-0"]
[WhiteElo "2014"]
[BlackElo "1892"]
[WhiteFideId "4691512"]
[BlackFideId "383600"]
[EventDate "2018.07.20"]

1. e4 e5 2. Nf3 Nc6 3. Bb5 a6 4. Ba4 Nf6 5. d3 b5 6. Bb3 Be7 7. O-O O-O 8. c3 d6
9. h3 Bb7 10. Re1 Na5 11. Bc2 c5 12. Nbd2 Re8 13. Nf1 Bf8 14. g4 d5 15. Ng3 g6
16. g5 Nd7 17. Nh2 c4 18. Ng4 dxe4 19. dxc4 Nxc4 20. Qxd7 Qxd7 21. Nf6+ Kg7 22.
Nxd7 Red8 23. Nf6 e3 24. fxe3 Nd2 25. Bxd2 Rxd2 26. Re2 Rad8 27. Kf2 h6 28. h4
hxg5 29. hxg5 Be7 30. Nge4 Bxe4 31. Nxe4 Rxe2+ 32. Kxe2 Rh8 33. Rf1 Rh2+ 34. Rf2
Rh1 35. Ng3 1-0

[Event "29th Czech Open B 2018"]
[Site "Pardubice CZE"]
[Date "2018.07.25"]
[Round "6.22"]
[White "Janzekovic, Klemen"]
[Black "Hlozek, David"]
[Result "1-0"]
[WhiteElo "2008"]
[BlackElo "1852"]
[WhiteFideId "14604914"]
[BlackFideId "384828"]
[EventDate "2018.07.20"]

1. Nf3 d5 2. c4 d4 3. b4 f6 4. Bb2 e5 5. Qb3 a5 6. a3 Be6 7. e3 axb4 8. axb4
Rxa1 9. Bxa1 dxe3 10. fxe3 Na6 11. Bc3 e4 12. Nd4 Bf7 13. Qc2 Bg6 14. c5 Qd5 15.
Na3 c6 16. Bxa6 bxa6 17. Qa4 Ne7 18. Qxa6 Bf5 19. Nxf5 Nxf5 20. O-O Kf7 21. Qc4
Ne7 22. Rf4 Qxc4 23. Nxc4 f5 24. g4 g5 25. Rxf5+ Nxf5 26. Bxh8 Nh4 27. Kf2 Ke6
28. Ne5 Kd5 29. Ke2 Be7 30. d3 Bd8 31. dxe4+ Kxe4 32. Nxc6 Kd5 1-0

[Event "29th Czech Open B 2018"]
[Site "Pardubice CZE"]
[Date "2018.07.25"]
[Round "6.23"]
[White "Ashrafzianov, Igor"]
[Black "Sheinkman, Lidan"]
[Result "1/2-1/2"]
[WhiteElo "2004"]
[BlackElo "1720"]
[WhiteFideId "24122572"]
[BlackFideId "2818515"]
[EventDate "2018.07.20"]

1. Nf3 Nf6 2. c4 g6 3. g3 Bg7 4. Bg2 O-O 5. O-O d5 6. d4 dxc4 7. Na3 c3 8. bxc3
c5 9. e3 cxd4 10. cxd4 Nc6 11. Qe2 Nd5 12. Bb2 Bg4 13. h3 Bxf3 14. Bxf3 e6 15.
Rfc1 Qd7 16. Nc4 b5 17. Nd2 Na5 18. Rc5 a6 19. Rac1 Rac8 20. Bxd5 exd5 21. Qg4
Qxg4 22. hxg4 Nc4 23. Rxc8 Rxc8 24. Rc2 Bf8 25. Nb3 1/2-1/2

[Event "29th Czech Open B 2018"]
[Site "Pardubice CZE"]
[Date "2018.07.25"]
[Round "6.24"]
[White "Moroder, Stefan"]
[Black "Krieger, Fabian"]
[Result "1/2-1/2"]
[WhiteElo "2183"]
[BlackElo "1960"]
[WhiteFideId "826537"]
[BlackFideId "16239814"]
[EventDate "2018.07.20"]

1. e4 e5 2. Nf3 Nc6 3. Bb5 g6 4. c3 d6 5. d4 Bd7 6. d5 Nb8 7. Bd3 Bg7 8. c4 a5
9. Nc3 Na6 10. Be3 Ne7 11. Nd2 b6 12. a3 f5 13. f3 O-O 14. Rb1 Nc5 15. Bc2 fxe4
16. Ndxe4 Nf5 17. Bf2 Bh6 18. Qe2 Nd4 19. Qd1 Nf5 20. Qe2 Nd4 1/2-1/2

[Event "29th Czech Open B 2018"]
[Site "Pardubice CZE"]
[Date "2018.07.25"]
[Round "6.25"]
[White "Alieva, Alexandra"]
[Black "Pollock, Andy"]
[Result "1/2-1/2"]
[WhiteTitle "WFM"]
[WhiteElo "2137"]
[BlackElo "1955"]
[WhiteFideId "24133353"]
[BlackFideId "460672"]
[EventDate "2018.07.20"]

1. e4 c6 2. d4 d5 3. exd5 cxd5 4. c4 Nf6 5. Nc3 e6 6. Bg5 Be7 7. c5 O-O 8. Nf3
h6 9. Bh4 b6 10. b4 a5 11. a3 Bb7 12. Ne5 Nfd7 13. Bxe7 Qxe7 14. Nxd7 Nxd7 15.
Bb5 axb4 16. axb4 bxc5 17. Rxa8 Rxa8 18. dxc5 Nxc5 19. O-O Nd7 20. Qd4 Qd6 21.
Ne4 Qe7 22. Bxd7 Qxd7 23. Nc5 Qc6 24. Rb1 Ba6 25. h3 Bc4 26. Qe5 Qb6 27. Nd7 Qb5
28. Qc7 Bd3 29. Rd1 Qxb4 30. Ne5 Bg6 31. Nxg6 fxg6 32. Qc6 Rd8 33. Qxe6+ Kh7 34.
Rxd5 Rxd5 35. Qxd5 Qe1+ 36. Kh2 Qxf2 37. Qe4 Qf5 38. Qe7 g5 39. Qe2 Kg6 40. Qa6+
Qf6 41. Qd3+ Kf7 42. Qd7+ Qe7 43. Qd5+ Kf6 44. Qc6+ Qe6 45. Qf3+ Kg6 46. Qd3+
Qf5 47. Qd6+ Kh7 48. Qd1 Qg6 49. Qg4 h5 50. Qd4 Qf5 51. Qd1 Qf4+ 52. Kh1 g4 53.
hxg4 hxg4 54. Qc2+ Kh6 55. Qc6+ Kg5 56. Qc5+ Kh4 57. g3+ Kxg3 58. Qf2+ 1/2-1/2

[Event "29th Czech Open B 2018"]
[Site "Pardubice CZE"]
[Date "2018.07.25"]
[Round "6.26"]
[White "Chan, Naruna"]
[Black "Lugovoy, Dmitry"]
[Result "0-1"]
[WhiteElo "1951"]
[BlackElo "2118"]
[WhiteFideId "24124290"]
[BlackFideId "24131644"]
[EventDate "2018.07.20"]

1. e4 c5 2. Nf3 d6 3. Bb5+ Nd7 4. d4 cxd4 5. Qxd4 a6 6. Bc4 e6 7. O-O Ngf6 8. a4
Be7 9. Nc3 O-O 10. Rd1 Qc7 11. Ba2 b6 12. Bg5 Bb7 13. Rd2 Rac8 14. Re1 Rfd8 15.
Qe3 Ne5 16. Nxe5 dxe5 17. Rxd8+ Rxd8 18. Bb3 Rd4 19. Qg3 Nh5 20. Qh4 Bxg5 21.
Qxg5 Nf4 22. h3 h6 23. Qg3 Qd6 24. Qe3 Qd8 25. Kh2 Qd6 26. Qf3 g6 27. g3 Nh5 28.
Rd1 Kg7 29. Rd3 Nf6 30. Qe3 Qb4 31. f3 Nd7 32. Na2 Qd6 33. Rxd4 exd4 34. Qf4 Ne5
35. Kg2 g5 36. Qd2 f5 37. Qe2 Nxf3 38. exf5 d3 39. Qd1 Nd4+ 40. Kf2 Nxb3 41.
cxb3 Qc5+ 42. Kf1 Qxf5+ 43. Kg1 Qc5+ 44. Kf1 Qe3 45. Qe1 Bg2+ 0-1

[Event "29th Czech Open B 2018"]
[Site "Pardubice CZE"]
[Date "2018.07.25"]
[Round "6.27"]
[White "Balenovic, Zvonimir"]
[Black "Kunc, Jan"]
[Result "1-0"]
[WhiteTitle "FM"]
[WhiteElo "2114"]
[BlackElo "1947"]
[WhiteFideId "14501252"]
[BlackFideId "364045"]
[EventDate "2018.07.20"]

1. e4 c5 2. Nf3 d6 3. Bb5+ Nd7 4. d4 cxd4 5. Qxd4 Nf6 6. O-O g6 7. e5 dxe5 8.
Nxe5 a6 9. Bxd7+ Bxd7 10. Rd1 Bg7 11. Nc3 Be6 12. Qxd8+ Rxd8 13. Rxd8+ Kxd8 14.
Be3 Kc8 15. Bb6 Nd5 16. Nxd5 Bxd5 17. Re1 f6 18. Nd3 e5 19. f4 Re8 20. fxe5 fxe5
21. Bd4 Bc4 22. Nxe5 Bxe5 23. Bxe5 Re6 24. b3 Bd5 25. c4 Bc6 26. Kf2 Kd7 27. g4
g5 28. Kg3 Ke7 29. h4 h6 30. a4 b6 31. hxg5 hxg5 32. Re3 Ke8 33. Bd4 Rxe3+ 34.
Bxe3 b5 35. cxb5 axb5 36. axb5 Bxb5 37. Bxg5 Kf7 38. Be3 Kf6 39. Kf4 Bd3 40. b4
Ke6 41. Bc5 Kf6 42. g5+ Ke6 43. Ke3 Bf1 44. Kd4 Bb5 45. Bf8 Kf7 46. Kc5 Bd3 47.
Bd6 Ke6 48. Bf4 Kf5 49. Bd2 Ke6 50. b5 Kd7 51. b6 Be4 52. Kd4 Bg6 53. Ke5 Kc6
54. Be3 Kd7 55. Kf6 Be4 56. g6 Bd5 57. Kg7 Ke7 58. Kh8 Kd6 59. g7 Kc6 60. g8=Q 1-0

[Event "29th Czech Open B 2018"]
[Site "Pardubice CZE"]
[Date "2018.07.25"]
[Round "6.28"]
[White "Mulenko, Alexander"]
[Black "Vakulenko, Oleksandr"]
[Result "1-0"]
[WhiteElo "2109"]
[BlackElo "1941"]
[WhiteFideId "24105430"]
[BlackFideId "14156130"]
[EventDate "2018.07.20"]

1. Nf3 d5 2. d4 Nf6 3. c4 e6 4. g3 b6 5. Bg2 Bb7 6. O-O Be7 7. Ne5 O-O 8. Nc3
Nbd7 9. Qa4 Nxe5 10. dxe5 Ne4 11. Nxe4 dxe4 12. Rd1 Qe8 13. Qc2 Qc6 14. Rd4 Qc5
15. Rd7 Rfd8 16. Be3 Qc6 17. Rxe7 Kf8 18. Bxe4 Qxe4 19. Qxe4 Bxe4 20. Rxc7 Rdc8
21. Rxc8+ Rxc8 22. f3 Bb7 23. b3 h6 24. a4 Rb8 25. a5 Bc8 26. axb6 axb6 27. Ra7
Ke8 28. g4 Bd7 29. h4 Kd8 30. Kf2 Kc8 31. h5 Be8 32. f4 Rb7 33. Ra8+ Kd7 34. g5
Ke7 35. Ra6 b5 36. c5 Rc7 37. b4 Kd7 38. Kg3 Ke7 39. Kg4 Kf8 40. Ra8 f5+ 41.
exf6 gxf6 42. gxf6 Kf7 43. Bd4 Rd7 44. e3 Rd5 45. Ra7+ Rd7 46. Ra1 Kf8 47. Rc1
Ra7 48. Be5 Bc6 49. Ra1 Rxa1 50. Bxa1 Be4 51. Be5 Kf7 52. Kg3 Kg8 53. Kf2 Kf7
54. Ke2 Ke8 55. Bc3 Kf7 56. Kd2 Ke8 57. Be5 Bf3 58. Kd3 Kd7 59. f7 Ke7 60. Bg7
Kxf7 61. Bxh6 Bxh5 62. Kd4 Bf3 63. Ke5 Ke7 64. Bg5+ Kd7 65. e4 Be2 66. f5 exf5
67. exf5 Bc4 68. Kf6 Bd3 69. Bf4 Bc2 70. Bd2 Bd3 71. Ke5 Bc4 72. Bc3 Bd3 73. f6
Bg6 74. Be1 Bf7 75. Kf5 Ba2 76. Bc3 Bf7 77. Kg5 Ke8 78. Be5 Bd5 79. Kg6 Kf8 80.
Bd6+ Kg8 81. Kf5 Kf7 82. Ke5 Bf3 83. Be7 Ke8 84. Kd6 1-0

[Event "29th Czech Open B 2018"]
[Site "Pardubice CZE"]
[Date "2018.07.25"]
[Round "6.29"]
[White "Husarik, Branko"]
[Black "Ochirbat, Lkhagvajamts"]
[Result "0-1"]
[BlackTitle "CM"]
[WhiteElo "2096"]
[BlackElo "1933"]
[WhiteFideId "324140"]
[BlackFideId "4903153"]
[EventDate "2018.07.20"]

1. e4 c5 2. Nf3 g6 3. h4 h5 4. Nc3 Bg7 5. Ng5 Nc6 6. d3 d6 7. Be2 Nf6 8. Be3 Bd7
9. Rb1 Ng4 10. Bf4 Nd4 11. a3 a6 12. Nd5 b5 13. O-O O-O 14. Qd2 e5 15. Bg3 f5
16. f4 fxe4 17. dxe4 exf4 18. Bxf4 Be5 19. Bxe5 Nxe5 20. Rxf8+ Qxf8 21. Rf1 Qg7
22. Rf6 Rf8 23. Rxg6 Nxg6 24. Bxh5 Nxh4 25. c3 Ne6 26. Nh3 Be8 27. Qe2 Bxh5 0-1

[Event "29th Czech Open B 2018"]
[Site "Pardubice CZE"]
[Date "2018.07.25"]
[Round "6.30"]
[White "Trost, Edvin"]
[Black "Blodig, Reinhard"]
[Result "1/2-1/2"]
[WhiteElo "1925"]
[BlackElo "2078"]
[WhiteFideId "1729519"]
[BlackFideId "4607597"]
[EventDate "2018.07.20"]

1. e4 d6 2. d4 g6 3. Nc3 Bg7 4. Nge2 Nc6 5. Be3 e5 6. dxe5 Nxe5 7. h3 Nf6 8. Nd4
O-O 9. Qd2 a6 10. f4 Ned7 11. g4 Re8 12. Bd3 c5 13. Nf3 b5 14. g5 Nh5 15. O-O-O
Bb7 16. Rhe1 Qa5 17. Kb1 c4 18. Bf1 b4 19. Nd5 c3 20. Qd3 Nc5 21. Bxc5 Qxc5 22.
Qc4 Bxd5 23. Rxd5 Qf2 24. Be2 Nxf4 25. Rxd6 Nxe2 26. Qxe2 Qxe2 27. Rxe2 cxb2 28.
e5 a5 29. Kxb2 Rac8 30. Rd5 Rc3 31. Nd4 a4 32. h4 a3+ 33. Kc1 h6 34. Nb5 1/2-1/2

[Event "29th Czech Open B 2018"]
[Site "Pardubice CZE"]
[Date "2018.07.26"]
[Round "7.1"]
[White "Aliferenko, Aleksei"]
[Black "Mirzoeva, Elmira"]
[Result "1/2-1/2"]
[BlackTitle "WGM"]
[WhiteElo "2211"]
[BlackElo "2249"]
[WhiteFideId "14111977"]
[BlackFideId "4127951"]
[EventDate "2018.07.20"]

1. d4 d6 2. Nf3 g6 3. b3 Bg7 4. Bb2 Nf6 5. e3 O-O 6. Be2 Nbd7 7. c4 e5 8. dxe5
Ng4 9. O-O Ngxe5 10. Nxe5 dxe5 11. Nc3 Nf6 12. Ba3 Re8 13. Nb5 Bd7 14. Rc1 a6
15. Nc3 Bf5 16. Qxd8 Raxd8 17. Rfd1 1/2-1/2

[Event "29th Czech Open B 2018"]
[Site "Pardubice CZE"]
[Date "2018.07.26"]
[Round "7.2"]
[White "Krumina, Linda"]
[Black "Gabr, Mohsen"]
[Result "0-1"]
[WhiteTitle "WFM"]
[BlackTitle "FM"]
[WhiteElo "2086"]
[BlackElo "2287"]
[WhiteFideId "11601701"]
[BlackFideId "10619593"]
[EventDate "2018.07.20"]

1. d4 d5 2. c4 c6 3. Nc3 Nf6 4. cxd5 cxd5 5. Nf3 Nc6 6. Bf4 e6 7. e3 a6 8. Rc1
Be7 9. Bd3 O-O 10. Ne5 Nxe5 11. dxe5 Nd7 12. Qc2 h6 13. O-O b5 14. Qe2 Nc5 15.
Bb1 b4 16. Qc2 g6 17. Ne2 Kg7 18. Nd4 Bd7 19. f3 Rc8 20. Bg3 Qb6 21. Bf2 Qb8 22.
Bg3 Qb6 23. Kh1 a5 24. Bf2 Qb8 25. Bg3 h5 26. h3 Qb6 27. Rce1 Bb5 28. Rf2 Ba6
29. Qd1 a4 30. Rd2 b3 31. a3 Bc4 32. Ne2 Qa6 33. Nc3 Rfd8 34. f4 Rh8 35. e4 dxe4
36. Nxe4 Nxe4 37. Bxe4 Rcd8 38. Rd7 Qb6 39. Rxd8 Rxd8 40. Qc1 Bd5 41. f5 gxf5
42. Bf3 Bxf3 43. gxf3 Qc5 44. Qxc5 Bxc5 45. Bf4 Rd3 46. Kg2 Bd4 47. Bc1 f4 48.
Re2 Rd1 49. Bxf4 Rb1 0-1

[Event "29th Czech Open B 2018"]
[Site "Pardubice CZE"]
[Date "2018.07.26"]
[Round "7.3"]
[White "Sidorika, Vladislav"]
[Black "Pekar, Vaclav"]
[Result "1/2-1/2"]
[WhiteElo "2066"]
[BlackElo "2162"]
[WhiteFideId "14145928"]
[BlackFideId "323799"]
[EventDate "2018.07.20"]

1. Nf3 e6 2. d3 d5 3. Nbd2 Nf6 4. g3 Bc5 5. d4 Be7 6. c4 O-O 7. Bg2 c5 8. cxd5
Nxd5 9. O-O Nc6 10. dxc5 Bxc5 11. Nb3 Bb6 12. a3 Nf6 13. Bf4 Qxd1 14. Raxd1 Bd7
15. Bd6 Rfd8 16. Nc5 Bxc5 17. Bxc5 b6 18. Nd4 Nxd4 19. Bxd4 Rac8 20. Bc3 1/2-1/2

[Event "29th Czech Open B 2018"]
[Site "Pardubice CZE"]
[Date "2018.07.26"]
[Round "7.4"]
[White "Itgelt, Khuyagtsogt"]
[Black "Galicek, Stanislav"]
[Result "1-0"]
[WhiteElo "2018"]
[BlackElo "2089"]
[WhiteFideId "4902912"]
[BlackFideId "316342"]
[EventDate "2018.07.20"]

1. d4 Nf6 2. c4 g6 3. Nc3 d5 4. Nf3 Bg7 5. Qb3 dxc4 6. Qxc4 Nfd7 7. Bf4 Na6 8.
e4 O-O 9. Be2 c6 10. O-O Nb6 11. Qd3 Be6 12. Rfd1 Bc4 13. Qd2 e6 14. Bxc4 Nxc4
15. Qe2 Nb6 16. h4 Qe7 17. Rd2 h6 18. Rad1 Kh7 19. h5 g5 20. Bg3 Rad8 21. Nh2 c5
22. dxc5 Rxd2 23. Rxd2 Qxc5 24. Bd6 Qc8 25. Bxf8 Qxf8 26. Ng4 f5 27. exf5 exf5
28. Ne5 Qe7 29. Ng6 Qc5 30. Qe7 Nc4 31. Rd7 Qxe7 32. Nxe7 1-0

[Event "29th Czech Open B 2018"]
[Site "Pardubice CZE"]
[Date "2018.07.26"]
[Round "7.5"]
[White "Bachstein, Dustin"]
[Black "Kuzmin, G."]
[Result "1/2-1/2"]
[WhiteElo "2037"]
[BlackElo "2298"]
[WhiteFideId "4688198"]
[BlackFideId "4132041"]
[EventDate "2018.07.20"]

1. e4 c5 2. Nf3 Nc6 3. d4 cxd4 4. Nxd4 e5 5. Nb5 d6 6. c4 Be7 7. N1c3 a6 8. Na3
Nf6 9. Bd3 O-O 10. O-O Be6 11. Nc2 Nd7 12. Be2 Rc8 13. Nd5 Bg5 14. Nce3 Nc5 15.
f3 a5 16. b3 g6 17. a3 Nd4 18. Rb1 Bd7 19. Nc3 Nce6 20. Bd3 b5 21. a4 b4 22.
Ncd5 Bc6 23. g3 f6 24. f4 Bh6 25. Ng4 Bg7 26. f5 Nc5 27. fxg6 hxg6 28. Be3 Nxd3
29. Bxd4 Bxd5 30. exd5 Nc5 31. Be3 f5 32. Nf2 e4 33. Nh3 Be5 34. Qd2 Nd3 35. Ng5
Qd7 36. Ne6 Rf7 37. Kg2 Bf6 38. Bg5 Qe7 39. Bf4 Rh7 40. Qe3 Nc5 41. Nxc5 Rxc5
42. Qf2 Be5 43. Bxe5 Qxe5 44. Qf4 Qe7 45. Qe3 Rf7 46. Rb2 Qe5 47. Rbf2 Rcc7 48.
Kh1 Rg7 49. Qf4 Rce7 50. Qxe5 Rxe5 51. Rf4 Rf7 52. g4 e3 53. gxf5 e2 54. Re1
gxf5 55. Kg2 Kg7 56. Kf2 Rfe7 57. Rf3 Kf6 58. Rh3 f4 59. Rh6+ Kg5 60. Rxd6 Rh7
61. Re6 Rxh2+ 62. Kf3 Rh3+ 63. Kf2 Rxe6 64. dxe6 Kf6 65. Rxe2 Ke7 66. Re5 Rxb3
67. Rxa5 Kxe6 68. Rb5 Kd6 69. a5 1/2-1/2

[Event "29th Czech Open B 2018"]
[Site "Pardubice CZE"]
[Date "2018.07.26"]
[Round "7.6"]
[White "Filipenko, Alexander V"]
[Black "Lucovnik, Tilen"]
[Result "0-1"]
[WhiteTitle "IM"]
[WhiteElo "2266"]
[BlackElo "2077"]
[WhiteFideId "4104471"]
[BlackFideId "14608960"]
[EventDate "2018.07.20"]

1. e4 c5 2. Nf3 e6 3. d4 cxd4 4. Nxd4 a6 5. c4 Nf6 6. Nc3 Qc7 7. Be2 Bb4 8. Qd3
b6 9. Nc2 Be7 10. f4 d6 11. O-O Nbd7 12. b4 Bb7 13. Bd2 Rc8 14. Rac1 O-O 15. g4
h6 16. Nd4 Rfd8 17. Qe3 Nh7 18. Nd5 exd5 19. cxd5 Qb8 20. Nc6 Bxc6 21. dxc6 Nc5
22. bxc5 dxc5 23. Bxa6 Rxc6 24. Bb5 Rcc8 25. Bc3 Qd6 26. e5 Qd5 27. a4 c4 28.
Qf3 Qc5+ 29. Kh1 Rd3 30. Qg2 Qe3 31. Ba1 Ba3 32. Rxc4 Rxc4 33. Bxc4 Rd2 34. Qb7
Be7 35. Bd5 Qe2 36. Bg2 Rd1 37. Qxb6 Rxf1+ 38. Bxf1 Qxf1+ 39. Qg1 Qxf4 40. a5
Qf3+ 41. Qg2 Qd1+ 42. Qg1 Qd5+ 0-1

[Event "29th Czech Open B 2018"]
[Site "Pardubice CZE"]
[Date "2018.07.26"]
[Round "7.7"]
[White "Taranenko, Evgueniy"]
[Black "Novak, Ales"]
[Result "1/2-1/2"]
[WhiteElo "2204"]
[BlackElo "2071"]
[WhiteFideId "14122138"]
[BlackFideId "315397"]
[EventDate "2018.07.20"]

1. Nc3 e5 2. a3 Nf6 3. d3 d5 4. Nf3 Nc6 5. g3 Be7 6. Bg2 O-O 7. O-O Bg4 8. h3
Bf5 9. g4 Be6 10. Ng5 Bc8 11. Qd2 h6 12. Nf3 Be6 13. b4 a6 14. d4 exd4 15. Nxd4
Nxd4 16. Qxd4 c6 17. Bb2 Ne8 18. Rad1 Bf6 19. Qf4 Qc7 20. Qf3 Nd6 21. Qg3 Rac8
22. f4 Nc4 23. Bc1 Qe7 24. e4 Bxc3 25. Qxc3 dxe4 26. Bxe4 Bd5 27. Bd3 b5 28.
Bxc4 bxc4 29. Bb2 f6 30. Rfe1 Qa7+ 31. Qd4 Qxd4+ 32. Bxd4 Rfe8 33. Kf2 Kf7 34.
a4 Rxe1 35. Rxe1 Re8 36. Be3 Be4 37. c3 Bd3 38. a5 Re4 39. Kf3 Re8 40. f5 Re4
41. h4 Re8 42. h5 Re4 43. Bd2 Rxe1 44. Bxe1 Bc2 45. Ke3 Ba4 46. Kd4 Bb5 1/2-1/2

[Event "29th Czech Open B 2018"]
[Site "Pardubice CZE"]
[Date "2018.07.26"]
[Round "7.8"]
[White "Smirnov, Boris"]
[Black "Mueller-Ludwig, Kristin"]
[Result "1-0"]
[BlackTitle "WFM"]
[WhiteElo "2200"]
[BlackElo "2019"]
[WhiteFideId "4149971"]
[BlackFideId "4628691"]
[EventDate "2018.07.20"]

1. c4 g6 2. d4 Bg7 3. Nc3 Nf6 4. e4 d6 5. Nf3 O-O 6. Be2 e5 7. d5 Nbd7 8. Qc2 a5
9. h3 Nh5 10. g3 Nc5 11. Be3 Na6 12. Qd2 Bd7 13. O-O-O Nc5 14. Ne1 Nf6 15. Qc2
Ne8 16. g4 f5 17. f3 Qh4 18. Nd3 Nxd3+ 19. Bxd3 Bh6 20. Bxh6 Qxh6+ 21. Kb1 fxe4
22. Bxe4 Qh4 23. Qe2 Nf6 24. Bc2 Rae8 25. c5 dxc5 26. d6 cxd6 27. Rxd6 Kh8 28.
Ne4 Bc6 29. Nxc5 Nd5 30. Ne6 Nf4 31. Nxf4 Rxf4 32. Be4 Bxe4+ 33. fxe4 Rf2 34.
Qb5 Qe7 35. Rd7 Qf8 36. Rxb7 a4 37. a3 Rf3 38. h4 Rb3 39. Qd7 Rxb7 40. Qxb7 Qf3
41. Rg1 Rd8 42. Ka2 Kg8 43. g5 Rd1 44. Rxd1 Qxd1 45. Qd5+ Qxd5+ 46. exd5 Kf7 47.
b4 Ke7 48. b5 1-0

[Event "29th Czech Open B 2018"]
[Site "Pardubice CZE"]
[Date "2018.07.26"]
[Round "7.9"]
[White "Doberitz, Paul"]
[Black "Hiemer, Bernd"]
[Result "1/2-1/2"]
[WhiteElo "2178"]
[BlackElo "2014"]
[WhiteFideId "24646130"]
[BlackFideId "4691512"]
[EventDate "2018.07.20"]

1. Nf3 g6 2. d4 Bg7 3. Bf4 Nf6 4. e3 d6 5. h3 O-O 6. Bd3 Nbd7 7. Nbd2 a6 8. a4
Qe8 9. Nc4 b6 10. O-O Bb7 11. Bh2 Nd5 12. c3 f5 13. Re1 N5f6 14. a5 b5 15. Ncd2
e5 16. e4 f4 17. Qb3+ Kh8 18. c4 exd4 19. cxb5 Nc5 20. Qc2 Nxd3 21. Qxd3 Qxb5
22. Qxb5 axb5 23. Bxf4 Nxe4 24. Nxe4 Rxf4 25. Neg5 c5 26. Re7 Bxf3 27. Nxf3 d3
28. a6 Bxb2 29. Rb1 Bf6 30. Rd7 Rxa6 31. Rxb5 Bg7 32. Rbb7 Ra1+ 33. Kh2 Rxf3 34.
gxf3 Be5+ 35. f4 Bxf4+ 36. Kg2 Ra8 37. Rxh7+ Kg8 38. Rbg7+ Kf8 39. Rf7+ Kg8 1/2-1/2